| 000 | 01068nam a2200325 a 4500 | ||
|---|---|---|---|
| 001 | 18912 | ||
| 003 | BD-RJUL | ||
| 005 | 20211209000344.0 | ||
| 008 | 750112s1953 enkh 010 d eng | ||
| 035 | _a(BD-RJUL)18970 | ||
| 035 | _a7390031395 | ||
| 035 | _a(IeDuTC)b11694070 | ||
| 035 | _a(UkLCURL)08b11694070 | ||
| 038 | _aUkLCURL | ||
| 040 |
_aUk _dIeDuTC _beng _cBD-RjUL |
||
| 041 | _aeng | ||
| 082 | 0 | 4 |
_a822.3 _bJOF 1953 |
| 090 |
_aTCD _bSTACK 828.3 JON:2 J3;1 1966 reprint _bARTS 828.3 JON:2 J3 _bARTS 828.3 JON:2 J3;2 |
||
| 100 | 1 |
_aJonson, Ben, _d1573?-1637. _958310 |
|
| 245 | 1 | 0 |
_aFive plays / _cby Ben Jonson. |
| 260 |
_aLondon : _bGeoffrey Cumberlege, Oxford University Press, _c1953. |
||
| 300 |
_a[6], 569 p. : _bfacsims. ; _c16 cm. |
||
| 490 | 1 |
_aWorld's classics ; _v524 |
|
| 500 | _aFacsimile title page of each play. | ||
| 505 | 0 | _aContents: Every man in his humour.- Sejanus.- Volpone, or The fox.- The alchemist.- Bartholomew fair. | |
| 830 | 0 |
_v524 _960884 |
|
| 830 | 0 |
_aWorld's classics ; _960885 |
|
| 942 |
_2ddc _cBK |
||
| 999 |
_c18912 _d18912 |
||